Možnosti nákupu prostredníctvom mobilného telefónu na Slovensku

Analýza platby mobilom v spoločnosti Shell Slovakia.

Uložené v:
Podrobná bibliografia
Hlavný autor: Pólya, Attila
Ďalší autori: Házelová, Petra
Médium: Kapitola
Jazyk:Slovak
Predmet:
Tagy: Pridať tag
Žiadne tagy, Buďte prvý, kto otaguje tento záznam!

MARC

LEADER 00000naa a2200000 4500
001 0256944
005 20240502074059.9
041 0 |a slo 
044 |a SK 
245 1 0 |a Možnosti nákupu prostredníctvom mobilného telefónu na Slovensku  |c Attila Pólya, Petra Házelová 
520 |a Analýza platby mobilom v spoločnosti Shell Slovakia. 
610 2 0 |a nákup elektronický 
610 2 0 |a aplikácie mobilné 
610 2 0 |a Slovensko 
610 2 0 |a zákazníci 
610 2 0 |a komunikácia elektronická 
100 1 |a Pólya, Attila 
700 1 |a Házelová, Petra